Statistics for Songs Named After A Color

Click here to take the quiz!

General Stats

  • This quiz has been taken 57 times
  • The average score is 15 of 25

Answer Stats

HintAnswer% Correct
Elvis Presley1961Blue Hawaii
100%
Rolling Stones1966Paint It Black
98%
UB401983Red Red Wine
98%
The Beatles1969Yellow Submarine
98%
Tom Jones1967Green Green Grass of Home
96%
Jimi Hendrix1967Purple Haze
93%
Cream1968White Room
93%
R.E.M.1988Orange Crush
87%
Aerosmith1997Pink
87%
Van Morrison1967Brown Eyed Girl
85%
Grateful Dead1987Touch Of Grey
83%
Paul McCartney & Stevie Wonder1982Ebony and Ivory
63%
America1975Sister Golden Hair
56%
Blackmore's Night1999Under A Violet Moon
56%
King Crimson1969In the Court of the Crimson King
54%
Rainbow1975Man On The Silver Mountain
50%
Granger Smith2006We Bleed Maroon
43%
Peter Gabriel1978Indigo
41%
The Smashing Pumpkins2014Being Beige
33%
U21981Scarlet
22%
Los Lobos1992Kiko and the Lavender Moon
19%
Kelly Clarkson2004Behind These Hazel Eyes
17%
3112001Amber
15%
Earl Sweatshirt2013Burgundy
15%
ZZ Top2012Chartreuse
7%

Score Distribution

Percentile by Number Answered

Percent of People with Each Score

Your Score History

You have not taken this quiz